| 000 | 00617nam a2200205 a 4500 | ||
|---|---|---|---|
| 005 | 20240806064016.0 | ||
| 008 | 090526s2006 ag r 000 0 spa d | ||
| 020 | _a9506201870 (10 dígitos) | ||
| 020 | _a9789506201876 (13 dígitos) | ||
| 035 | _aUPN01000170660 | ||
| 049 | _aCG | ||
| 050 | 4 |
_aPR6025 U6.75 _bA5.4 |
|
| 100 | 0 |
_aSaki, _d1870-1916 _933942 |
|
| 245 | 1 | 0 |
_aAnimales y más que animales / _cSaki ; tr. Margarita Costa. |
| 260 |
_aBuenos Aires : _bClaridad, _cc2006. |
||
| 300 | _a238 p. | ||
| 534 |
_pTítulo original: _tBeast and superbeast |
||
| 650 | 4 |
_aLiteratura inglesa _95228 |
|
| 905 | _aLibro | ||
| 999 |
_c142765 _d142765 |
||